[Event "Rated Blitz game"]
[Site "?"]
[Date "2021.06.11"]
[Round "?"]
[White "Portdawg"]
[Black "ChessVanity"]
[Result "0-1"]
[WhiteElo "2411"]
[BlackElo "2383"]
[PlyCount "56"]
[EventDate "2021.??.??"]
[EventType "blitz"]

1. e4 e5 2. Nf3 Nc6 3. c3 d5 4. d4 dxe4 5. Nxe5 Nxe5 6. dxe5 Qxd1+ 7. Kxd1 Bc5
8. Be3 Bxe3 9. fxe3 Ne7 10. Nd2 Ng6 11. Nxe4 Nxe5 12. Be2 Bf5 13. Ng3 O-O-O+
14. Ke1 Bg6 15. h4 h6 16. h5 Bh7 17. Rh4 Nd3+ 18. Bxd3 Rxd3 19. Ke2 Rhd8 20.
Nf1 R3d5 21. Rf4 f6 22. Rg4 R8d7 23. Ng3 Rd2+ 24. Kf3 Rxb2 25. Rd4 Rc2 26. Rxd7
Kxd7 27. Rd1+ Ke7 28. Ne4 Bxe4+ {Normal} 0-1

[Event "Rated Blitz game"]
[Site "?"]
[Date "2021.06.11"]
[Round "?"]
[White "Zadokhlik"]
[Black "Mogilcheko_Tima_2007"]
[Result "0-1"]
[WhiteElo "2511"]
[BlackElo "2332"]
[PlyCount "124"]
[EventDate "2021.??.??"]
[EventType "blitz"]

1. e4 e5 2. Nf3 Nc6 3. c3 d5 4. Qa4 dxe4 5. Nxe5 Qd5 6. Nxc6 Bd7 7. Nb4 Qf5 8.
Qd1 Bc5 9. Qe2 a6 10. d4 Bb5 11. Qe3 Bxb4 12. cxb4 Bxf1 13. Rxf1 O-O-O 14. Nc3
Nf6 15. Qg5 Qe6 16. Be3 Qc4 17. Qxg7 Nd7 18. Qg4 Qxb4 19. O-O-O Rhe8 20. Nxe4
Kb8 21. Nc3 a5 22. Kb1 a4 23. a3 Qb3 24. Qe2 c6 25. Qc2 Qe6 26. Nxa4 f5 27. Nc5
Nxc5 28. dxc5 Rd5 29. Bf4+ Kc8 30. Bd6 Rxd1+ 31. Rxd1 Qe2 32. Qxf5+ Qe6 33.
Qxe6+ Rxe6 34. Kc2 Re2+ 35. Rd2 Re4 36. Bg3 Re6 37. b4 Re4 38. Kc3 Re1 39. a4
Ra1 40. a5 Ra3+ 41. Kc4 Ra2 42. Re2 Rxe2 43. Kb3 Rd2 44. Kc3 Rd1 45. Kc2 Rg1
46. h4 Rxg2 47. Kd3 Rg1 48. Kc4 Rb1 49. Kc3 Rc1+ 50. Kb2 Re1 51. Kb3 Re2 52.
Kc3 Re1 53. Kd3 Re6 54. Kc2 h5 55. Kc3 Rf6 56. Kd3 Rg6 57. Ke4 Rxg3 58. Kf5 Rg4
59. Kf6 Rxh4 60. Kg6 Rxb4 61. Kxh5 Rf4 62. Kg6 Rxf2 {Normal} 0-1

[Event "Rated Rapid game"]
[Site "?"]
[Date "2021.06.11"]
[Round "?"]
[White "Fight-chess"]
[Black "ghenghiskhan"]
[Result "1-0"]
[WhiteElo "2578"]
[BlackElo "2471"]
[PlyCount "167"]
[EventDate "2021.??.??"]
[EventType "rapid"]

1. e4 e5 2. Nf3 Nc6 3. c3 d5 4. Qa4 f6 5. Bb5 Nge7 6. exd5 Qxd5 7. d4 exd4 8.
cxd4 Bd7 9. Nc3 Qe6+ 10. Be3 Nd5 11. Bc4 Ncb4 12. Qb3 c6 13. O-O O-O-O 14. a3
Na6 15. Nxd5 cxd5 16. Bxd5 Qb6 17. Qxb6 axb6 18. Bb3 Bd6 19. Rac1+ Kb8 20. Nd2
b5 21. Ne4 Bc7 22. d5 Rhe8 23. Nd2 Bf5 24. Rfd1 Be5 25. Bc2 Bxb2 26. Bxf5 Bxc1
27. Rxc1 Rxd5 28. Bf4+ Ka7 29. Bxh7 g5 30. Bg6 Re2 31. Bf7 Rd7 32. Be3+ Rxe3
33. fxe3 Rxf7 34. Kf2 Kb6 35. Ne4 Re7 36. Nd6 Rh7 37. h3 b4 38. axb4 Nxb4 39.
Rb1 Kc6 40. Rxb4 Kxd6 41. Rb6+ Ke5 42. Kf3 Rc7 43. g3 Kf5 44. Rb5+ Kg6 45. h4
gxh4 46. gxh4 Rh7 47. Kg4 f5+ 48. Kg3 Re7 49. Kf3 Rh7 50. Rb4 Re7 51. Kf4 Re6
52. Rxb7 Re4+ 53. Kf3 Rxh4 54. Rb8 Rh3+ 55. Ke2 Rh2+ 56. Kd3 Ra2 57. Rg8+ Kf7
58. Rb8 Ra3+ 59. Ke2 Kf6 60. Kf3 Ra1 61. Rf8+ Kg5 62. Rg8+ Kf6 63. Rh8 Rf1+ 64.
Ke2 Ra1 65. Rh4 Kg5 66. Rd4 Ra2+ 67. Kf3 Ra1 68. Rd6 Rf1+ 69. Kg2 Ra1 70. Kg3
Ra3 71. Kf2 Ra2+ 72. Kf3 Ra3 73. Rd5 Rb3 74. Ra5 Rb1 75. Ra8 Rf1+ 76. Ke2 Rb1
77. Rg8+ Kh4 78. Kf2 Rb2+ 79. Kf3 Rb1 80. Kf4 Kh3 81. Kxf5 Re1 82. e4 Kh4 83.
e5 Kh5 84. Kf6 {Normal} 1-0

[Event "Rated Rapid game"]
[Site "?"]
[Date "2021.06.11"]
[Round "?"]
[White "taras05"]
[Black "LEV2310"]
[Result "0-1"]
[WhiteElo "2287"]
[BlackElo "2495"]
[PlyCount "102"]
[EventDate "2021.??.??"]
[EventType "rapid"]

1. e4 e5 2. Nf3 Nc6 3. c3 d5 4. Qa4 Qd6 5. exd5 Qxd5 6. Bc4 Qd6 7. d3 Bg4 8.
Nfd2 O-O-O 9. Ne4 Qg6 10. Be3 Be7 11. Nbd2 f5 12. Nc5 f4 13. Nxb7 Kxb7 14. Ba6+
Ka8 15. Bb5 fxe3 16. Bxc6+ Qxc6 17. Qxc6+ Kb8 18. Nc4 exf2+ 19. Kxf2 Bd7 20.
Qa6 Rf8+ 21. Ke1 Rf6 22. Qa5 Nh6 23. Rf1 Rxf1+ 24. Kxf1 Rf8+ 25. Ke1 Rf6 26.
Nxe5 Re6 27. d4 Nf5 28. Kd2 Bc8 29. Rf1 Nd6 30. b3 Ba6 31. Re1 Bg5+ 32. Kc2 Bc8
33. Nc6+ Kb7 34. Nd8+ Bxd8 35. Rxe6 Bxe6 36. Kb2 Bf6 37. Qb4+ Kc8 38. Qc5 Kb7
39. a4 a6 40. Qb4+ Ka7 41. d5 Bd7 42. Ka2 Bf5 43. Qc5+ Kb8 44. Qc6 Ne4 45. c4
Nc3+ 46. Ka3 Nb1+ 47. Kb4 Bc3+ 48. Kc5 Nd2 49. Qxa6 Nxb3+ 50. Kc6 Bd7+ 51. Kxd7
Nc5+ {Normal} 0-1

[Event "Rated Blitz game"]
[Site "?"]
[Date "2021.06.11"]
[Round "?"]
[White "Mulika13"]
[Black "Frutek"]
[Result "1-0"]
[WhiteElo "2507"]
[BlackElo "2570"]
[PlyCount "48"]
[EventDate "2021.??.??"]
[EventType "blitz"]

1. e4 e5 2. Nf3 Nc6 3. c3 d5 4. Qa4 f6 5. Bb5 Nge7 6. exd5 Qxd5 7. d4 e4 8.
Nfd2 Bd7 9. O-O a6 10. Bc4 Qh5 11. Qc2 O-O-O 12. Nxe4 Nf5 13. Bf4 g5 14. Bg3
Qg6 15. Bd3 h5 16. h3 h4 17. Bh2 g4 18. hxg4 Qxg4 19. Nxf6 Qg5 20. Nxd7 Ng3 21.
Nxf8 Rdxf8 22. Re1 Kb8 23. Nd2 Qf4 24. Ne4 Rhg8 {Normal} 1-0

[Event "Rated Blitz game"]
[Site "?"]
[Date "2021.06.11"]
[Round "?"]
[White "Zadokhlik"]
[Black "ChessAzeTeam"]
[Result "0-1"]
[WhiteElo "2493"]
[BlackElo "2367"]
[PlyCount "52"]
[EventDate "2021.??.??"]
[EventType "blitz"]

1. e4 e5 2. Nf3 Nc6 3. c3 d5 4. Qa4 f6 5. Bb5 Qd6 6. exd5 Qxd5 7. O-O Bd7 8. d4
a6 9. Na3 Bxa3 10. Bxc6 Bxc6 11. Qxa3 e4 12. Re1 O-O-O 13. Nd2 e3 14. Nf3 exf2+
15. Kxf2 Nh6 16. Bxh6 gxh6 17. Re3 Rhg8 18. Qb3 Qh5 19. Qe6+ Kb8 20. Qh3 Qb5
21. Re2 Bd7 22. Qxh6 Rxg2+ 23. Kxg2 Qxe2+ 24. Kg3 Bc6 25. Qh5 Rg8+ 26. Kf4 Qe4#
{Normal} 0-1

[Event "Rated Blitz game"]
[Site "?"]
[Date "2021.06.11"]
[Round "?"]
[White "Mulika13"]
[Black "elsas"]
[Result "1-0"]
[WhiteElo "2499"]
[BlackElo "2435"]
[PlyCount "53"]
[EventDate "2021.??.??"]
[EventType "blitz"]

1. e4 e5 2. Nf3 Nc6 3. c3 Nf6 4. d4 exd4 5. e5 Ne4 6. cxd4 d5 7. Bb5 Bb4+ 8.
Nbd2 O-O 9. O-O Bg4 10. Bxc6 bxc6 11. h3 Bh5 12. Qc2 Bxd2 13. Nxd2 Nxd2 14.
Bxd2 Qd7 15. Rac1 f6 16. Qxc6 Qxc6 17. Rxc6 fxe5 18. dxe5 Rf7 19. f4 Bg6 20.
Rfc1 Rc8 21. Ba5 Be4 22. g3 g5 23. e6 Rf6 24. Bxc7 gxf4 25. Bxf4 Rxc6 26. Rxc6
Bf5 27. e7 {Normal} 1-0

[Event "Rated Blitz game"]
[Site "?"]
[Date "2021.06.11"]
[Round "?"]
[White "Robban74"]
[Black "Kostik_Burnashev"]
[Result "1-0"]
[WhiteElo "2353"]
[BlackElo "2458"]
[PlyCount "83"]
[EventDate "2021.??.??"]
[EventType "blitz"]

1. e4 e5 2. Nf3 Nc6 3. c3 d5 4. d4 dxe4 5. Nxe5 Nxe5 6. dxe5 Qxd1+ 7. Kxd1 f5
8. Bf4 Be6 9. Nd2 O-O-O 10. Kc2 Ne7 11. Bg5 h6 12. Bxe7 Bxe7 13. f4 g5 14. g3
h5 15. Nc4 h4 16. Rg1 b5 17. Ne3 hxg3 18. hxg3 Rh2+ 19. Rg2 Rh1 20. Rd1 Rxd1
21. Kxd1 Bxa2 22. Kd2 Be6 23. Bxb5 Bc5 24. Ba6+ Kd7 25. fxg5 Rb1 26. Kc2 Ra1
27. Rd2+ Kc6 28. Bc4 Bxe3 29. Bxe6 Bxd2 30. Kxd2 Rg1 31. Bxf5 Kd5 32. e6 Kd6
33. g4 Ke7 34. b4 c5 35. bxc5 a5 36. g6 Kf6 37. c6 Rh1 38. c7 Rh2+ 39. Ke3 Rh8
40. e7 Kxe7 41. c8=Q Rxc8 42. Bxc8 {Normal} 1-0

[Event "Rated Blitz game"]
[Site "?"]
[Date "2021.06.11"]
[Round "?"]
[White "CodeSlam"]
[Black "Sijavush"]
[Result "0-1"]
[WhiteElo "2524"]
[BlackElo "2517"]
[PlyCount "32"]
[EventDate "2021.??.??"]
[EventType "blitz"]

1. e4 e5 2. Nf3 Nc6 3. c3 Nf6 4. d3 Bc5 5. Be2 Bb6 6. Nbd2 d6 7. h3 h6 8. Nc4
Be6 9. Nxb6 axb6 10. c4 g5 11. Be3 Ne7 12. h4 g4 13. Nh2 Ng6 14. g3 h5 15. Bf4
exf4 16. Bf1 f3 {Normal} 0-1

[Event "Rated Blitz game"]
[Site "?"]
[Date "2021.06.11"]
[Round "?"]
[White "mikromurks"]
[Black "blacksocks"]
[Result "0-1"]
[WhiteElo "2505"]
[BlackElo "2485"]
[PlyCount "56"]
[EventDate "2021.??.??"]
[EventType "blitz"]

1. e4 e5 2. Nf3 Nc6 3. c3 d5 4. Qa4 f6 5. Bb5 Nge7 6. d3 a6 7. Bxc6+ Nxc6 8.
O-O Be7 9. Nbd2 b5 10. Qc2 O-O 11. a4 Be6 12. Re1 Qd7 13. Nf1 d4 14. Ng3 Rac8
15. cxd4 Nb4 16. Qc3 exd4 17. Nxd4 c5 18. Nxe6 Qxe6 19. axb5 axb5 20. Be3 Rfd8
21. Red1 Bd6 22. f4 Qg4 23. Nf5 Bf8 24. h3 Qh5 25. Rd2 Qf7 26. Ra5 g6 27. Ng3
f5 28. e5 Nd5 {Time forfeit} 0-1

[Event "Rated Blitz game"]
[Site "?"]
[Date "2021.06.11"]
[Round "?"]
[White "branimir2000"]
[Black "superguti"]
[Result "1-0"]
[WhiteElo "2275"]
[BlackElo "2440"]
[PlyCount "59"]
[EventDate "2021.??.??"]
[EventType "blitz"]

1. e4 e5 2. Nf3 Nc6 3. c3 d5 4. Qa4 dxe4 5. Nxe5 Bd7 6. Nxd7 Qxd7 7. Qxe4+ Nge7
8. d4 O-O-O 9. Qf3 Nd5 10. Be2 h6 11. O-O g5 12. Bc4 Nce7 13. Nd2 f5 14. Nb3 g4
15. Qe2 Ng6 16. Bxd5 Qxd5 17. c4 Qd7 18. d5 Bd6 19. Qe6 Qxe6 20. dxe6 Rhe8 21.
Re1 Be5 22. Rb1 h5 23. Bg5 Rd6 24. e7 b6 25. c5 Re6 26. Nd4 Bxd4 27. Rxe6 Nh8
28. cxb6 axb6 29. Rd1 Bc5 30. Rd8+ {Normal} 1-0

[Event "Rated Blitz game"]
[Site "?"]
[Date "2021.06.11"]
[Round "?"]
[White "ZeruHmyz"]
[Black "WickedWeasel"]
[Result "0-1"]
[WhiteElo "2539"]
[BlackElo "2583"]
[PlyCount "108"]
[EventDate "2021.??.??"]
[EventType "blitz"]

1. e4 e5 2. Nf3 Nc6 3. c3 d5 4. Qa4 f6 5. Bb5 Nge7 6. d3 a6 7. O-O Be6 8. Bxc6+
Nxc6 9. Nbd2 Be7 10. Qc2 O-O 11. Re1 Qd7 12. Nf1 Rad8 13. Ng3 b5 14. Be3 dxe4
15. dxe4 Na5 16. Rad1 Qc8 17. b3 c5 18. Nf5 Bxf5 19. exf5 Qc6 20. Rxd8 Rxd8 21.
Rd1 Rxd1+ 22. Qxd1 Nb7 23. Nd2 Nd6 24. g4 c4 25. b4 Qd5 26. Qe2 Bd8 27. f3 a5
28. a3 axb4 29. axb4 h6 30. Kf2 Kf7 31. Bc5 Bc7 32. Ne4 Nxe4+ 33. fxe4 Qd8 34.
Ke3 Bb6 35. Bxb6 Qxb6+ 36. Kf3 Qg1 37. Qg2 Qc1 38. Qe2 Qxc3+ 39. Kg2 Qxb4 40.
Qd1 Qb2+ 41. Kh3 Qc3+ 42. Kh4 Qd4 43. Qb1 Qf2+ 44. Kh3 Qf3+ 45. Kh4 h5 46. gxh5
Qf4+ 47. Kh3 Qe3+ 48. Kh4 Kg8 49. Qxb5 Qxe4+ 50. Kg3 Qe3+ 51. Kg2 Qg5+ 52. Kh1
Qxf5 53. Qxc4+ Kh7 54. Qf7 Qf1# {Normal} 0-1

[Event "Rated Blitz game"]
[Site "?"]
[Date "2021.06.10"]
[Round "?"]
[White "wader51"]
[Black "MrKokoba"]
[Result "1-0"]
[WhiteElo "2447"]
[BlackElo "2502"]
[PlyCount "25"]
[EventDate "2021.??.??"]
[EventType "blitz"]

1. e4 e5 2. Nf3 Nc6 3. c3 Nf6 4. d4 exd4 5. e5 Ne4 6. Qe2 Nxf2 7. Qxf2 dxc3 8.
Nxc3 b6 9. Bc4 Bc5 10. Be3 Bxe3 11. Qxe3 O-O 12. O-O Bb7 13. Ng5 {Normal} 1-0

[Event "Rated Blitz game"]
[Site "?"]
[Date "2021.06.10"]
[Round "?"]
[White "Suleymanov_Marat"]
[Black "dbestsmiles"]
[Result "1-0"]
[WhiteElo "2402"]
[BlackElo "2526"]
[PlyCount "59"]
[EventDate "2021.??.??"]
[EventType "blitz"]

1. e4 e5 2. Nf3 Nc6 3. c3 Nf6 4. d4 exd4 5. e5 Ne4 6. cxd4 d5 7. Bb5 Bb4+ 8.
Nbd2 O-O 9. O-O Bg4 10. h3 Bh5 11. Be2 f6 12. exf6 Qxf6 13. Nxe4 dxe4 14. Ne5
Bxe2 15. Qxe2 Bd6 16. Nd7 Qxd4 17. Nxf8 Rxf8 18. Be3 Qe5 19. g3 Rf3 20. Rad1
Qh5 21. Qc4+ Kh8 22. Qxe4 Bxg3 23. fxg3 Rxg3+ 24. Kf2 Rxh3 25. Qxc6 Qh4+ 26.
Ke2 Qg4+ 27. Qf3 Rxf3 28. Rxf3 h5 29. Rg1 Qd4 30. Bxd4 {Normal} 1-0

[Event "Rated Blitz game"]
[Site "?"]
[Date "2021.06.10"]
[Round "?"]
[White "eduardo_tunguia"]
[Black "TomasMann"]
[Result "0-1"]
[WhiteElo "2416"]
[BlackElo "2364"]
[PlyCount "72"]
[EventDate "2021.??.??"]
[EventType "blitz"]

1. e4 e5 2. Nf3 Nc6 3. c3 Nf6 4. d3 Bc5 5. Be2 d6 6. O-O h6 7. Nbd2 O-O 8. Nc4
a6 9. Be3 Bxe3 10. Nxe3 g6 11. Qd2 Kh7 12. Rad1 d5 13. exd5 Nxd5 14. Nxd5 Qxd5
15. Qe3 Qxa2 16. Nxe5 Nxe5 17. Qxe5 Qxb2 18. Bf3 c6 19. Rfe1 Qb5 20. Qc7 Bf5
21. c4 Qc5 22. Re7 Kg7 23. Qxb7 a5 24. Bxc6 Rab8 25. Qa6 Qxe7 26. Bd5 Qc7 27.
h3 Bxd3 28. g3 Rb1 29. Rxb1 Bxb1 30. Qb5 Bf5 31. Kg2 Be6 32. Qb2+ Kh7 33. Qd4
Bxd5+ 34. cxd5 Qd6 35. Kf3 Rd8 36. Ke4 Qb4 {Normal} 0-1

[Event "Rated Blitz game"]
[Site "?"]
[Date "2021.06.10"]
[Round "?"]
[White "AmericanDoctor"]
[Black "rusty_brain"]
[Result "0-1"]
[WhiteElo "2284"]
[BlackElo "2437"]
[PlyCount "38"]
[EventDate "2021.??.??"]
[EventType "blitz"]

1. e4 e5 2. Nf3 Nc6 3. c3 Nf6 4. Qc2 d5 5. exd5 Nxd5 6. d4 exd4 7. cxd4 Bb4+ 8.
Bd2 O-O 9. Be2 Re8 10. Bxb4 Ncxb4 11. Qd2 Qe7 12. a3 Nc6 13. Kd1 Nf4 14. Qxf4
Qxe2+ 15. Kc1 Na5 16. Nbd2 Qd3 17. Ne5 Rxe5 18. Qxe5 Bf5 19. Nb1 Qc2# {Normal}
0-1

[Event "Rated Blitz tournament 1CwGHbLp"]
[Site "?"]
[Date "2021.06.10"]
[Round "?"]
[White "HpRmDrNsT"]
[Black "BraveHe1art"]
[Result "1-0"]
[WhiteElo "2471"]
[BlackElo "2502"]
[PlyCount "51"]
[EventDate "2021.??.??"]
[EventType "blitz"]

1. e4 e5 2. Nf3 Nc6 3. c3 Nf6 4. Qa4 d5 5. Bb5 dxe4 6. Nxe5 Bd7 7. Nxc6 bxc6 8.
Bxc6 Rb8 9. O-O Bd6 10. Bxd7+ Nxd7 11. Qxe4+ Kf8 12. d4 Qf6 13. Nd2 g6 14. Nf3
h6 15. b4 Kg7 16. Bd2 Rbe8 17. Qd3 Nb6 18. c4 Bf4 19. Rae1 Bxd2 20. Nxd2 Qf4
21. g3 Qg4 22. f3 Qd7 23. d5 Nc8 24. Ne4 Ne7 25. Qd4+ Kf8 26. Qxh8+ {Normal}
1-0

[Event "Rated Blitz game"]
[Site "?"]
[Date "2021.06.10"]
[Round "?"]
[White "josuexp"]
[Black "iltar"]
[Result "1-0"]
[WhiteElo "2437"]
[BlackElo "2292"]
[PlyCount "125"]
[EventDate "2021.??.??"]
[EventType "blitz"]

1. e4 e5 2. Nf3 Nc6 3. c3 Nf6 4. d4 Nxe4 5. d5 Nb8 6. Nxe5 Qe7 7. Qd4 d6 8.
Qxe4 Qxe5 9. Bd3 Nd7 10. O-O Qxe4 11. Bxe4 Be7 12. c4 O-O 13. Nc3 a6 14. Be3
Re8 15. Rfe1 Ne5 16. b3 Bf6 17. Rac1 Ng4 18. Bd2 Bd4 19. Bxh7+ Kf8 20. Rxe8+
Kxe8 21. Re1+ Kf8 22. Re4 Bxf2+ 23. Kf1 Nf6 24. Kxf2 Nxh7 25. Rh4 Nf6 26. Bg5
Ng8 27. Ne4 Bf5 28. b4 Re8 29. Ng3 Bg6 30. c5 Re5 31. cxd6 cxd6 32. Be3 Rxd5
33. Rc4 Ne7 34. Rc7 Rb5 35. Bd2 Ke8 36. a4 Rb6 37. Ne2 Kd8 38. Rc1 Rc6 39. Re1
Kd7 40. Nd4 Rc4 41. Nb3 b6 42. a5 b5 43. Rc1 Nd5 44. Rxc4 bxc4 45. Nd4 Bd3 46.
b5 axb5 47. Nxb5 Kc6 48. Nc3 Nc7 49. g4 d5 50. Ke3 Kc5 51. Ne2 Nb5 52. Bc3 d4+
53. Bxd4+ Nxd4 54. Nxd4 Kb4 55. a6 c3 56. a7 c2 57. Nxc2+ Bxc2 58. a8=Q Bb3 59.
Qb7+ Kc3 60. Qe7 Kc2 61. Qe5 Bc4 62. Qd4 Kb3 63. Qd2 {Time forfeit} 1-0

[Event "Rated Blitz game"]
[Site "?"]
[Date "2021.06.10"]
[Round "?"]
[White "josuexp"]
[Black "BrianShaw"]
[Result "1-0"]
[WhiteElo "2422"]
[BlackElo "2564"]
[PlyCount "85"]
[EventDate "2021.??.??"]
[EventType "blitz"]

1. e4 e5 2. Nf3 Nc6 3. c3 d6 4. Bb5 Bd7 5. O-O Nge7 6. d4 Ng6 7. Nbd2 Be7 8.
Re1 O-O 9. Nf1 Nxd4 10. Nxd4 exd4 11. Bxd7 Qxd7 12. cxd4 f5 13. Qb3+ Kh8 14.
Qxb7 Rab8 15. Qxa7 fxe4 16. Rxe4 Qf5 17. Re2 Bh4 18. Be3 Qh5 19. Rae1 Bf6 20.
Qxc7 Rbd8 21. Ng3 Qg4 22. h3 Qe6 23. Bg5 Qxa2 24. Bxf6 gxf6 25. Nf5 Rg8 26. Nh6
Rgf8 27. Re7 Nxe7 28. Rxe7 Qb1+ 29. Kh2 Qg6 30. Nf7+ Rxf7 31. Rxf7 Rg8 32. Qb7
Qf5 33. Qf3 Qxf3 34. gxf3 Rb8 35. Rxf6 Rxb2 36. Rxd6 Rxf2+ 37. Kg3 Rd2 38. Rd7
h5 39. h4 Rd3 40. Kf4 Kg8 41. d5 Kf8 42. Ke4 Rd1 43. Rh7 {Normal} 1-0

[Event "Rated Blitz game"]
[Site "?"]
[Date "2021.06.10"]
[Round "?"]
[White "Suleymanov_Marat"]
[Black "tode1zafirovski"]
[Result "0-1"]
[WhiteElo "2410"]
[BlackElo "2292"]
[PlyCount "82"]
[EventDate "2021.??.??"]
[EventType "blitz"]

1. e4 e5 2. Nf3 Nc6 3. c3 Bc5 4. d4 exd4 5. cxd4 Bb6 6. Nc3 d6 7. Bd3 Bg4 8. d5
Bxf3 9. Qxf3 Ne5 10. Qg3 Nf6 11. Bc2 O-O 12. Bg5 Kh8 13. O-O-O h6 14. Be3 Nh5
15. Qh3 Bxe3+ 16. Qxe3 Qf6 17. f3 Qf4 18. Qxf4 Nxf4 19. Rd2 a6 20. g4 g6 21.
Rf2 f5 22. exf5 gxf5 23. Kb1 fxg4 24. fxg4 Nxg4 25. Rf3 Ne5 26. Rg3 Rg8 27. a4
Raf8 28. Re3 Rg2 29. h4 Nc4 30. Re4 Nd2+ 31. Ka2 Nxe4 32. Bxe4 Rf2 33. Kb3 Ne2
34. Nd1 R2f4 35. Bd3 Nd4+ 36. Ka3 c5 37. dxc6 bxc6 38. Re1 Rf3 39. Nc3 Rxd3 40.
Re7 c5 41. Rd7 Ne2 {Normal} 0-1

[Event "Rated Blitz tournament UePySK3c"]
[Site "?"]
[Date "2021.06.10"]
[Round "?"]
[White "Morf1us"]
[Black "KilicNurullah56"]
[Result "1/2-1/2"]
[WhiteElo "2516"]
[BlackElo "2307"]
[PlyCount "190"]
[EventDate "2021.??.??"]
[EventType "blitz"]

1. e4 e5 2. Nf3 Nc6 3. c3 d5 4. Qa4 dxe4 5. Nxe5 Nf6 6. Bb5 Bd7 7. Nxc6 bxc6 8.
Bxc6 Bxc6 9. Qxc6+ Nd7 10. Qxe4+ Be7 11. O-O O-O 12. d4 Bd6 13. Qf3 Re8 14. Bf4
Nb6 15. Nd2 Re6 16. Bxd6 Qxd6 17. Rae1 Rf6 18. Qg3 Qd5 19. b3 Rg6 20. Qf3 Qg5
21. Ne4 Qa5 22. a4 h6 23. Nc5 Rd8 24. Re7 Rf8 25. Rxc7 Nxa4 26. Rc6 Nxc3 27.
Rxg6 fxg6 28. Qd3 Kh7 29. h3 Nd5 30. Ne6 Rf6 31. Qe4 Nc3 32. Qe1 Qb4 33. d5
Qxb3 34. Nc7 Qc4 35. Qe7 Nxd5 36. Nxd5 Qxd5 37. Qxa7 Qg5 38. Qd4 h5 39. h4 Qf5
40. g3 Qh3 41. Qe3 Rf5 42. Rc1 Qg4 43. Rc7 Qd1+ 44. Kg2 Qd5+ 45. Kh2 Rf3 46.
Qe2 Qf5 47. Kg2 Rb3 48. Qe7 Qf3+ 49. Kf1 Rb1+ 50. Qe1 Rxe1+ 51. Kxe1 Qe4+ 52.
Kf1 Qh1+ 53. Ke2 g5 54. hxg5 Qe4+ 55. Kf1 Qg4 56. Re7 Qxg5 57. Re3 h4 58. gxh4
Qxh4 59. Kg2 Kg8 60. Rg3 Qe4+ 61. Kh2 Qe7 62. Kg2 Qf7 63. Rf3 Qg6+ 64. Rg3 Qc6+
65. Rf3 g5 66. Kg3 Kg7 67. Re3 Kg6 68. Kh2 Qc5 69. Kg1 Kf5 70. Rg3 Kf4 71. Kg2
Qc4 72. Kg1 Qe4 73. Re3 g4 74. Rg3 Qe1+ 75. Kg2 Qe4+ 76. Kg1 Qg6 77. Kg2 Qh5
78. Re3 Qg5 79. Rg3 Kf5 80. Re3 g3 81. Rxg3 Qf4 82. Rf3 Kg5 83. Rxf4 Kxf4 84.
Kf1 Kf5 85. Ke2 Kf6 86. f3 Ke6 87. Ke3 Kf7 88. f4 Kf6 89. Kf3 Kf7 90. Ke4 Kf8
91. Kf5 Kf7 92. Ke5 Kf8 93. f5 Ke7 94. f6+ Kf8 95. Kf5 Kf7 {Time forfeit}
1/2-1/2

[Event "Rated Rapid tournament 3TJaHPU6"]
[Site "?"]
[Date "2021.06.10"]
[Round "?"]
[White "Fight-chess"]
[Black "nikosadallas"]
[Result "1-0"]
[WhiteElo "2646"]
[BlackElo "2314"]
[PlyCount "53"]
[EventDate "2021.??.??"]
[EventType "rapid"]

1. e4 Nc6 2. Nf3 e5 3. c3 d5 4. Qa4 f6 5. Bb5 Nge7 6. exd5 Qxd5 7. d4 exd4 8.
cxd4 Bd7 9. Nc3 Qd6 10. O-O O-O-O 11. Be3 Bg4 12. Ne1 a6 13. Bxc6 Qxc6 14. Qb3
Nd5 15. Nd3 Nxe3 16. fxe3 Bd6 17. Rac1 Qd7 18. Ne4 Rhe8 19. Ndc5 Qb5 20. Nxd6+
Rxd6 21. Qf7 Rxe3 22. Nxa6 Rc6 23. Qf8+ Kd7 24. Qxg7+ Re7 25. Qxg4+ f5 26. Nb8+
Kd6 27. Qf4+ {Normal} 1-0

[Event "Rated Blitz game"]
[Site "?"]
[Date "2021.06.10"]
[Round "?"]
[White "wader51"]
[Black "heisenberg50"]
[Result "1-0"]
[WhiteElo "2422"]
[BlackElo "2251"]
[PlyCount "63"]
[EventDate "2021.??.??"]
[EventType "blitz"]

1. e4 e5 2. Nf3 Nc6 3. c3 Nf6 4. d4 exd4 5. e5 Nd5 6. cxd4 Bb4+ 7. Bd2 Qe7 8.
Be2 O-O 9. Nc3 Nb6 10. O-O d6 11. a3 Bxc3 12. Bxc3 dxe5 13. Nxe5 Nxe5 14. dxe5
Bf5 15. Bf3 c6 16. Qd6 Rfe8 17. Rad1 Nc4 18. Qd4 Nxe5 19. Qf4 Bg6 20. Rfe1 f6
21. h4 Qc5 22. h5 Nd3 23. Rxe8+ Rxe8 24. Qd2 Bf5 25. g4 Be4 26. Bxe4 Rxe4 27.
Qxd3 Rxg4+ 28. Kf1 Qxh5 29. Qd8+ Kf7 30. Rd7+ Kg6 31. Qe8+ Kh6 32. Bd2+ {Normal
} 1-0

[Event "Rated Blitz game"]
[Site "?"]
[Date "2021.06.10"]
[Round "?"]
[White "wallie666"]
[Black "Aliniyazzzz"]
[Result "0-1"]
[WhiteElo "2408"]
[BlackElo "2252"]
[PlyCount "90"]
[EventDate "2021.??.??"]
[EventType "blitz"]

1. e4 e5 2. Nf3 Nc6 3. c3 d5 4. Qa4 Nf6 5. Nxe5 dxe4 6. Nxc6 bxc6 7. Qxc6+ Bd7
8. Qa6 Bc5 9. Be2 O-O 10. O-O Bg4 11. h3 Bxe2 12. Qxe2 Re8 13. b4 Bf8 14. Na3
Qd3 15. Re1 Rad8 16. Qxd3 exd3 17. Bb2 Re2 18. Rad1 Ne4 19. Nc4 c5 20. b5 Nd6
21. Nxd6 Rxd6 22. Kf1 Rxe1+ 23. Rxe1 c4 24. Re4 Rb6 25. a4 a6 26. Rxc4 axb5 27.
Re4 bxa4 28. Bc1 Rb1 29. Re1 a3 30. Bxa3 Rxe1+ 31. Kxe1 Bxa3 32. f4 Bc5 33. g4
f5 34. Kf1 Kf7 35. Kg2 fxg4 36. hxg4 g5 37. Kf3 gxf4 38. Kxf4 Kg6 39. Ke4 Kg5
40. Kxd3 Kxg4 41. Ke4 h5 42. d4 Be7 43. c4 h4 44. c5 h3 45. c6 Bd6 {Normal} 0-1

[Event "Rated Blitz game"]
[Site "?"]
[Date "2021.06.10"]
[Round "?"]
[White "josuexp"]
[Black "SeymourScagneti"]
[Result "1-0"]
[WhiteElo "2433"]
[BlackElo "2333"]
[PlyCount "39"]
[EventDate "2021.??.??"]
[EventType "blitz"]

1. e4 e5 2. Nf3 Nc6 3. c3 f5 4. exf5 e4 5. Nd4 Nf6 6. d3 Nxd4 7. cxd4 d5 8.
dxe4 dxe4 9. Nc3 Bxf5 10. Bc4 Qd7 11. Qb3 O-O-O 12. O-O Qxd4 13. Rd1 Qb6 14.
Rxd8+ Kxd8 15. Qd1+ Qd6 16. Qa4 Ng4 17. Bg5+ Be7 18. Rd1 Bxg5 19. Rxd6+ cxd6
20. Qa5+ {Normal} 1-0

[Event "Rated Blitz game"]
[Site "?"]
[Date "2021.06.10"]
[Round "?"]
[White "josuexp"]
[Black "kamal20365"]
[Result "1-0"]
[WhiteElo "2453"]
[BlackElo "2304"]
[PlyCount "195"]
[EventDate "2021.??.??"]
[EventType "blitz"]

1. e4 e5 2. Nf3 Nc6 3. c3 Nf6 4. d4 exd4 5. e5 Ne4 6. Qe2 d5 7. exd6 f5 8. Nbd2
Bxd6 9. Nxe4 fxe4 10. Qxe4+ Qe7 11. Bd3 Qxe4+ 12. Bxe4 dxc3 13. O-O cxb2 14.
Bxb2 O-O 15. Ng5 Ne7 16. Bxh7+ Kh8 17. Be4 Bf5 18. Bf3 Bf4 19. Ne4 Nc6 20. Rfe1
Rad8 21. Nc5 Nd4 22. Bxd4 Rxd4 23. Bxb7 Bd6 24. Ne6 Bxe6 25. Rxe6 Rd2 26. Bf3
Bc5 27. Rc6 Bxf2+ 28. Kh1 Bb6 29. a4 a5 30. h3 Rfd8 31. Re1 Rb2 32. Rc4 Rb4 33.
Ree4 Rxc4 34. Rxc4 Rd4 35. Rxd4 Bxd4 36. g4 g5 37. Bd5 Kg7 38. Kg2 Kf6 39. Kf3
Bb6 40. Ke4 Bf2 41. Bc6 Bb6 42. Bd7 Bf2 43. Kd5 Bb6 44. Bf5 Bf2 45. Kc6 Bb6 46.
Kd7 Kf7 47. Be4 Kf6 48. Bc6 Kf7 49. Bb5 Kf6 50. Bc4 Kg7 51. Ke6 Kh6 52. Kf5 Be3
53. Bf7 Bb6 54. Be8 Bc5 55. Bc6 Bb6 56. h4 gxh4 57. g5+ Kg7 58. Kg4 Bf2 59. Bg2
c5 60. Bd5 Bg3 61. Kh3 Kg6 62. Kg4 Be1 63. Bc4 Bg3 64. Bd3+ Kg7 65. Bc4 Be1 66.
Bd3 Bg3 67. Bc4 Bf2 68. Bd3 Be1 69. Bc4 Bc3 70. Bd3 Be1 71. Bc4 Kf8 72. Bd3 Ke7
73. Kf5 h3 74. Ke5 h2 75. Be4 c4 76. Kd4 c3 77. Kd3 Kf7 78. g6+ Kg7 79. Kc2
h1=Q 80. Bxh1 Kxg6 81. Kd3 Kf6 82. Kc4 Ke5 83. Kb3 Kd6 84. Be4 Kc7 85. Bc2 Kb6
86. Bd1 Kc5 87. Bc2 Bd2 88. Bd1 Be3 89. Bc2 Bd4 90. Bd1 c2 91. Bxc2 Be3 92. Bd1
Bd2 93. Bc2 Bb4 94. Bd1 Kd4 95. Bc2 Ke3 96. Bd1 Kd2 97. Bc2 Kc1 98. Bb1 {
Time forfeit} 1-0